The Elder Scrolls Franchise - Statistics

General Stats
  • This quiz has been taken 71 times
  • The average score is 16 of 22
Answer Stats
Type Year Name Info % Correct
Video Game 2011 The Elder Scrolls V: Skyrim Bethesda Softworks
100%
Video Game 1996 The Elder Scrolls II: Daggerfall Bethesda Softworks
98%
Video Game 2006 The Elder Scrolls IV: Oblivion Bethesda Softworks
98%
Video Game 2002 The Elder Scrolls III: Morrowind Bethesda Softworks
96%
Video Game 1994 The Elder Scrolls: Arena Bethesda Softworks
95%
Video Game 2014 The Elder Scrolls Online Bethesda Softworks
89%
Video Game Expansion Pack 2013 The Elder Scrolls V: Skyrim - Dragonborn Bethesda Softworks
88%
Video Game Expansion Pack 2012 The Elder Scrolls V: Skyrim - Dawnguard Bethesda Softworks
86%
Video Game 2020 The Elder Scrolls: Blades Bethesda Softworks
79%
Video Game 1998 An Elder Scrolls Legend: Redguard Bethesda Softworks
77%
Video Game Expansion Pack 2007 The Elder Scrolls IV: Shivering Isles Bethesda Softworks / 2K
75%
Video Game 1997 An Elder Scrolls Legend: Battlespire Bethesda Softworks
73%
Video Game Expansion Pack 2003 The Elder Scrolls III: Bloodmoon Bethesda Softworks
68%
Video Game Expansion Pack 2002 The Elder Scrolls III: Tribunal Bethesda Softworks
66%
Video Game Expansion Pack 2006 The Elder Scrolls IV: Knights of the Nine Bethesda Softworks
66%
Video Game 2017 The Elder Scrolls: Legends Bethesda Softworks
63%
Video Game Expansion Pack 2012 The Elder Scrolls V: Skyrim - Hearthfire Bethesda Softworks
55%
Video Game 2004 The Elder Scrolls Travels: Dawnstar Vir2L Studios
52%
Video Game 2004 The Elder Scrolls Travels: Shadowkey Vir2L Studios / Nokia
46%
Novel 2009 The Elder Scrolls: The Infernal City Greg Keyes
38%
Video Game 2003 The Elder Scrolls Travels: Stormhold Vir2L Studios
34%
Novel 2011 The Elder Scrolls: Lord of Souls Greg Keyes
25%
No matching quizzes found
Score Distribution
Percent of People with Each Score
Percentile by Number Answered
Your Score History
You have not taken this quiz